| 000 | 00000nam##2200000za#4500 |
| 001 | 9.572904 |
| 003 | CaOODSP |
| 005 | 20230202144024 |
| 007 | cr ||||||||||| |
| 008 | 150406|1999||||xxc|||||o f|0| 0 eng|d |
| 040 | |aCaOODSP|beng |
| 043 | |an-cn--- |
| 086 | 1 |aH72-22/8-1998E-PDF |
| 110 | 2 |aNational Clearinghouse on Family Violence (Canada). |
| 245 | 10|aFinancial abuse of older adults |h[electronic resource] |
| 250 | |aRev. |
| 260 | |aOttawa - Ontario : |bHealth Canada. |cMarch 1999. |
| 300 | |a12p.|breferences |
| 490 | 1 |aInformation from the National Clearinghouse on Family Violence |
| 500 | |aThe catalogue number (H72-22/8-1998E) and ISBN (0-662-27401-6) for the print edition have been incorrectly copied in this electronic publication. |
| 590 | |a12-10-Supp|b2012-03-23 |
| 690 | 07|aElder abuse|2gcpds |
| 690 | 07|aPersonal finance|2gcpds |
| 775 | 08|tL'exploitation financière des aînés |w(CaOODSP)9.603151 |
| 776 | 0#|tFinancial abuse of older adults |w(CaOODSP)9.614651 |
| 830 | #0|aInformation from the National Clearinghouse on Family Violence.|w(CaOODSP)9.504469 |
| 856 | 40|ahttp://publications.gc.ca|qPDF|s39 KB|uhttps://publications.gc.ca/collections/Collection/H72-22-8-1998E.pdf |